| Tag |
First Indicator |
Second Indicator |
Subfields |
| LEADER |
00000cam a2200000 4500 |
| 001 |
in00000065862 |
| 005 |
20151008050743.0 |
| 008 |
770228m19451952ii b 00010 engm |
| 010 |
|
|
|a 46022217
|
| 035 |
|
|
|a (OCoLC)02766124
|
| 035 |
|
|
|9 AAG3115AM
|
| 040 |
|
|
|a DLC
|c VTU
|d VTU
|d TXA
|d UtOrBLW
|
| 049 |
|
|
|a TXAM
|v 1 [272348]
|v 2 [272349]
|
| 050 |
|
0 |
|a HC438.P6
|b G3
|
| 092 |
|
|
|a 330.954
|b G124p
|
| 100 |
1 |
|
|a Gadgil, D. R.
|q (Dhananjaya Ramchandra),
|d 1901-1971.
|
| 245 |
1 |
0 |
|a Poona, a socio-economic survey /
|c By D. R. Gadgil, assisted by the staff of the Institute.
|
| 264 |
|
1 |
|a [Poona] :
|b [D. R. Gadgil],
|c 1945-52.
|
| 300 |
|
|
|a 2 volumes :
|b maps (1 folded) diagrams ;
|c 25 cm.
|
| 336 |
|
|
|a text
|b txt
|2 rdacontent
|
| 337 |
|
|
|a unmediated
|b n
|2 rdamedia
|
| 338 |
|
|
|a volume
|b nc
|2 rdacarrier
|
| 490 |
0 |
|
|a Gokhale institute of politics and economics, publication no. 12, 25
|
| 651 |
|
0 |
|a Pune (India)
|x Economic conditions.
|
| 651 |
|
0 |
|a Pune (India)
|x Social conditions.
|
| 999 |
|
|
|a MARS
|
| 999 |
f |
f |
|s acf0e2b0-7b9e-3e00-9c1e-d83ed33d782a
|i c658835d-4533-34d7-bbd2-11e389a55154
|t 0
|
| 952 |
f |
f |
|p normal
|a Texas A&M University
|b College Station
|c Sterling C. Evans Library
|d Evans: Library Stacks
|t 0
|e HC438.P6 G3
|h Library of Congress classification
|i unmediated -- volume
|k v.2
|m A14800704245
|
| 952 |
f |
f |
|p normal
|a Texas A&M University
|b College Station
|c Sterling C. Evans Library
|d Evans: Library Stacks
|t 0
|e HC438.P6 G3
|h Library of Congress classification
|i unmediated -- volume
|k v.1
|m A14800704237
|
| 998 |
f |
f |
|a HC438.P6 G3
|s v.1-v.2
|t 0
|l Evans: Library Stacks
|